Agricultural economics of Bengal / (Record no. 23622)
[ view plain ]
| 000 -LEADER | |
|---|---|
| fixed length control field | 00799cam a22002651 4500 |
| 001 - CONTROL NUMBER | |
| control field | 23622 |
| 003 - CONTROL NUMBER IDENTIFIER | |
| rucl marc code | BD-RjUL |
| 005 - DATE AND TIME OF LATEST TRANSACTION | |
| control field | 20211209000942.0 |
| 008 - FIXED-LENGTH DATA ELEMENTS--GENERAL INFORMATION | |
| fixed length control field | 140311s1947 ii b 001 0 eng d |
| 035 ## - SYSTEM CONTROL NUMBER | |
| System control number | (BD-RjUL)23687 |
| System control number | (OCoLC)4072592 |
| 040 ## - CATALOGING SOURCE | |
| Original cataloging agency | DLC |
| Transcribing agency | MnU |
| Modifying agency | DLC |
| -- | BD-RjUL |
| Language of cataloging | eng |
| 041 ## - LANGUAGE CODE | |
| Language code of text/sound track or separate title | eng |
| 082 00 - DEWEY DECIMAL CLASSIFICATION NUMBER | |
| Classification number | 338.1 |
| Author mark and year | RAA V-1 1947 |
| 100 10 - MAIN ENTRY--PERSONAL NAME | |
| Personal name | Ray, Parimalkumar. |
| 9 (RLIN) | 72703 |
| 245 10 - TITLE STATEMENT | |
| Title | Agricultural economics of Bengal / |
| Statement of responsibility, etc. | with a foreword by Syama Prasad Mookerjee. |
| 260 ## - PUBLICATION, DISTRIBUTION, ETC. (IMPRINT) | |
| Place of publication, distribution, etc. | Calcutta : |
| Name of publisher, distributor, etc. | University of Calcutta, |
| Date of publication, distribution, etc. | 1947 |
| 300 ## - PHYSICAL DESCRIPTION | |
| Pagination | 235p. : |
| Illustrations | ill. ; |
| Size | 23 cm. |
| 500 ## - GENERAL NOTE | |
| General note | Includes Index |
| 505 0# - FORMATTED CONTENTS NOTE | |
| Formatted contents note | Pt. 1 -- |
| 650 #0 - SUBJECT ADDED ENTRY--TOPICAL TERM | |
| Topical term or geographic name as entry element | Agriculture |
| General subdivision | Economic aspects |
| Geographic subdivision | India |
| -- | Bengal. |
| 9 (RLIN) | 72704 |
| 700 1# - ADDED ENTRY--PERSONAL NAME | |
| Personal name | Mookerjee, Syama Prasad |
| 942 ## - ADDED ENTRY ELEMENTS (KOHA) | |
| Source of classification or shelving scheme | Dewey Decimal Classification |
| Koha item type | Books |
| Lost status | Source of classification or shelving scheme | Damaged status | Not for loan | Collection code | Permanent Location | Current Location | Shelving location | Date acquired | Source of acquisition | Cost, normal purchase price | Total Checkouts | Full call number | Date last seen | Copy number | Koha item type |
|---|---|---|---|---|---|---|---|---|---|---|---|---|---|---|---|
| Dewey Decimal Classification | Non-fiction | Central Library, University of Rajshahi | Central Library, University of Rajshahi | 30/07/1996 | Ankur Prokashony | 80.00 | 338.1 RAA V-1 1947 | 11/03/2014 | C-3 | Books | |||||
| Dewey Decimal Classification | Non-fiction | Central Library, University of Rajshahi | Central Library, University of Rajshahi | 10/02/1962 | omint and land | 8.46 | 338.1 RAA V-1 1947 | 27/06/2016 | C-2 | Books | |||||
| Dewey Decimal Classification | Non-fiction | Central Library, University of Rajshahi | Central Library, University of Rajshahi | 30/07/1996 | Dhaka. Ankur prokashoni | 8.00 | 338.1 RAA Pt-1 1947 | 06/09/2016 | C-4 | Books |